<?xml version="1.0" encoding="UTF-8"?>
<record
    xmlns:xsi="http://www.w3.org/2001/XMLSchema-instance"
    xsi:schemaLocation="http://www.loc.gov/MARC21/slim http://www.loc.gov/standards/marcxml/schema/MARC21slim.xsd"
    xmlns="http://www.loc.gov/MARC21/slim">

  <leader>01287nam a22001937a 4500</leader>
  <datafield tag="952" ind1=" " ind2=" ">
    <subfield code="0">0</subfield>
    <subfield code="1">0</subfield>
    <subfield code="2">lcc</subfield>
    <subfield code="4">0</subfield>
    <subfield code="7">0</subfield>
    <subfield code="a">03</subfield>
    <subfield code="b">03</subfield>
    <subfield code="d">2018-06-09</subfield>
    <subfield code="l">0</subfield>
    <subfield code="o">HQ1236.5M6 D475</subfield>
    <subfield code="p">03 005556</subfield>
    <subfield code="r">2018-06-09</subfield>
    <subfield code="t">1</subfield>
    <subfield code="w">2018-06-09</subfield>
    <subfield code="y">LB</subfield>
  </datafield>
  <datafield tag="999" ind1=" " ind2=" ">
    <subfield code="c">103022</subfield>
    <subfield code="d">103022</subfield>
  </datafield>
  <controlfield tag="008">180609s2003    xxu||||| |||| 00| 0 spa d</controlfield>
  <datafield tag="020" ind1=" " ind2=" ">
    <subfield code="a">970644291X</subfield>
  </datafield>
  <datafield tag="050" ind1=" " ind2=" ">
    <subfield code="a">HQ1236.5M6</subfield>
    <subfield code="b">D475</subfield>
  </datafield>
  <datafield tag="245" ind1="1" ind2="4">
    <subfield code="a">Los derechos de las mujeres y los ni&#xF1;os</subfield>
    <subfield code="c"> / Comisi&#xF3;n Nacional de los Derechos Humanos</subfield>
  </datafield>
  <datafield tag="260" ind1=" " ind2=" ">
    <subfield code="a">M&#xE9;xico</subfield>
    <subfield code="b"> : Comisi&#xF3;n Nacional de los Derechos Humanos  </subfield>
    <subfield code="c">, 2003</subfield>
  </datafield>
  <datafield tag="300" ind1=" " ind2=" ">
    <subfield code="a">115 p&#xE1;ginas</subfield>
  </datafield>
  <datafield tag="490" ind1=" " ind2=" ">
    <subfield code="a">Prevenci&#xF3;n de la violencia, atenci&#xF3;n a grupos vulnerables y los derechos humanos</subfield>
    <subfield code="v">; 2</subfield>
  </datafield>
  <datafield tag="505" ind1=" " ind2=" ">
    <subfield code="a">Iguales, pero no tan iguales
Los derechos humanos de mujers y ni&#xF1;as
Mujeres y pol&#xED;ticas p&#xFA;blicas en el cotexto actual
Violencia contra las mujeres y derechoso humanos
Las mujeres indigenas y los nuevos derechos humanos
El derecho de la mujer a tener derechos
Ciudadania y derechos de la mujer
La mujer indigema oaxaque&#xF1;a ante el nuevo milenio
La ni&#xF1;ez y la violencia
Los derechos humanos comienzan desde la infancia 
Derechos y obligaciones de padres e hijos en el derecho consuetudinario indigena
</subfield>
  </datafield>
  <datafield tag="519" ind1=" " ind2=" ">
    <subfield code="a">Material Complementario /</subfield>
    <subfield code="d">(03 005556)</subfield>
  </datafield>
  <datafield tag="650" ind1="1" ind2="0">
    <subfield code="a">DERECHOS DE LA MUJER</subfield>
    <subfield code="v">CONGRESOS</subfield>
    <subfield code="z">M&#xC9;XICO</subfield>
  </datafield>
  <datafield tag="650" ind1="2" ind2="0">
    <subfield code="a">MUJERES INDIGENAS</subfield>
    <subfield code="v">CONGRESOS</subfield>
    <subfield code="x">CONDICIONES SOCIALES</subfield>
    <subfield code="z">M&#xC9;XICO</subfield>
  </datafield>
  <datafield tag="650" ind1="3" ind2="0">
    <subfield code="a">MUJERES INDIGENAS</subfield>
    <subfield code="v">CONGRESOS</subfield>
    <subfield code="x">DERECHOS CIVILES</subfield>
    <subfield code="z">M&#xC9;XICO</subfield>
  </datafield>
  <datafield tag="942" ind1=" " ind2=" ">
    <subfield code="c">LB</subfield>
  </datafield>
</record>
